00834nam a22002297a 4500003000900000005001700009008003500026020001500061040002200076082001900098100002100117245010700138260005100245300002800296700002200324700002400346942001200370945002800382952016500410956001200575999001700587DO-SdBNP20180221140251.0161103b 1993 ck a 00| 0 spa d a9580421919 aBPMSUbspacBPMSU 4axxxxxxbxxxxxx1 aStidworthy, John1 aAprende a ser un buen naturalista / cJohn Stidworthy ; ilustración Ian Moores ; editor Roger Vlitos aQuito, Ecuador : bParrón, bNorma , c1993. a32 p. : bil. ;c29 cm.1 aMoores, Ian,eil.1 aVlitos, Roger,eed. 2ddccBK aInventariado, 2018 / BT 00102ddc40708CI-GaBPMETbBPMETd2016-11-03eAgencia de Cooperación Internacional del Japónl0oxxxxxx xxxxxxpBPMSU16110036r2016-11-03w2016-11-03yBK adgarcia c11768d11768